Geography Quiz

Random Geography or City Quiz

Quick Pick: Real or Fake Alabama Cities Quiz Stats

 Plays Quiz not verified by Sporcle

Challenge
Share
Tweet
Embed
Score 0/10 Timer 01:00
0 Plays Today
% Correct
Georgia
72.8%
Scotland
71.4%
Frog Eye
69.9%
Billy Goat Hill
69.4%
Turkeytown
69.4%
Cluttsville
69.2%
Hog Jaw
67.7%
Holy Trinity
63.6%
Scratch Ankle
60.2%
Screamer
54.1%

You're not logged in!

Compare scores with friends on all Sporcle quizzes.
Join for Free
OR
Log In

You Might Also Like...

Show Comments

Extras

Top Quizzes Today


Score Distribution

Your Account Isn't Verified!

In order to create a playlist on Sporcle, you need to verify the email address you used during registration. Go to your Sporcle Settings to finish the process.

Report this User

Report this user for behavior that violates our Community Guidelines.

Details: